|
|
|
|
| LEADER |
01165nam a2200265 a 4500 |
| 001 |
GR-MES12498 |
| 008 |
070615s gr b 001 0 gre d |
| 020 |
|
|
|a 078795666X
|
| 040 |
|
|
|a GrPaTEI
|b gre
|c GR-PaULI
|
| 040 |
|
|
|a GrPaTEI
|b gre
|c GR-PaULI
|
| 082 |
|
0 |
|a 658.406
|2 21
|
| 110 |
2 |
|
|a Linkage Inc.
|
| 245 |
1 |
0 |
|a Best practices in organization development and change :
|b Culture,leadership,retention,performance,coaching. /
|c Linkage Inc. ; editors Louis Carter ; David Giber.
|
| 260 |
|
|
|a San Francisco :
|b Jossey-Bass/Pfeiffer,
|c 2001
|
| 300 |
|
|
|a xx
|a 551σ. :
|b εικ. ;
|c 24εκ. +
|e 1 CD-ROM
|
| 504 |
|
|
|a Περιλαμβάνει βιβλιογραφίες και ευρετήριο.
|
| 650 |
|
0 |
|a ORGANIZATIONAL CHANGE
|
| 650 |
|
4 |
|a ΟΡΓΑΝΩΤΙΚΕΣ ΑΛΛΑΓΕΣ
|
| 700 |
1 |
|
|a Carter, Louis
|
| 700 |
1 |
|
|a Giber, David
|
| 700 |
1 |
|
|a Goldsmith, Marshall
|
| 942 |
|
|
|2 ddc
|
| 952 |
|
|
|0 0
|1 0
|2 ddc
|4 0
|6 658_406000000000000_LIN
|7 0
|9 271177
|a MSLG
|b MSLG
|c BSC
|d 2021-01-17
|e 24
|f 0
|g 0.00
|l 0
|o 658.406 LIN
|p 2420000021850
|r 2021-01-17 00:00:00
|t 1
|w 2021-01-17
|y BK15
|x 20070615 0 ΜΑΤΣΙΩΡΗ 1
|x GrPaTEI
|
| 971 |
|
|
|a .b2578545x
|b 15-04-20
|c 13-09-16
|
| 999 |
|
|
|c 156598
|d 156598
|